00641nam a2200205 a 4500001001000000003000900010005001700019007000300036008004100039040002500080082001500105245005700120260006100177300003500238490003500273500004300308504003200351700002000383830003200403000027383DO-SdBNP20220822144637.0ta110331s1944 mx a 000 0 spa d aDO-SdBNPbspacBNPHU axxxxbH83100aHostos /cprólogo y selección de Pedro del Alba. aMéxico, :bSecretaria de Educación Pública,c1944. axxvix, 264 p. :bil. ;c23 cm.1 aEl pensamiento de América ;  aIncluye notas al pie de las páginas. aBibliografía : p. 263-2641 aAlba, Pedro del pEl pensamiento de América